Дело о выкупе земельных наделов временнообязанными крестьянами В.А. Шиловского села Никольского Моршанского уезда Тамбовской губ...

Доступно только в Электронных читальных залах Найти на картеНа карте
RUSMARC
00003980nmc2a2200000 x 450
00124adb802-527d-453d-9a6c-5d45bcf06698
00520151225092434.0
100##$a20140415l18641865k l0rusy0189 ca
1010#$arus
102##$aRU
2001#$aДело о выкупе земельных наделов временнообязанными крестьянами В.А. Шиловского села Никольского Моршанского уезда Тамбовской губернии
$j13 октября 1864 г. - 22 января 1865 г.
251##$cДело
300##$aДело
300##$aОриг. заголовок дела: Дело Шиловского В.А. Тамбовской губернии Моршанского уезда села Никольского. 13 октября 1864 г. - 22 января 1865 г
801#0$aRU
$bРГИА
$c20140415
$gRCR
801#1$aRU
$bГлавНИВЦ
$c20140415
$2rusmarc
801#2$aRU
$bПБ им. Б.Н. Ельцина
$c20151225
$gRCR
$2rusmarc
850##$aРГИА
852##$aРГИА
$eФедеральное казенное учреждение "Российский государственный исторический архив" (РГИА)
$j1424
937##$hРГИА
$d11110580
$aASBIBLIO_SCAN
462#0$10017c5e74c9-979b-46fc-b2dd-52a15592f082
$12001
$aДела Главного выкупного учреждения Министерства финансов по Тамбовской губернии
$1251
$cОпись
$1852
$j40
461#0$10018ef30ad5-ff5c-4840-a721-74c62a200f95
$12001
$aГлавное выкупное учреждение Министерства финансов (1861-1895)
$1251
$cФонд
$1852
$j577
215##$a28 л.
$d36,5х26 см
371##$aДокумент не является опубликованным и широко распространяемым
105##$ay###
1222#$ad
5171#$aДело Шиловского В.А. Тамбовской губернии Моршанского уезда села Никольского. 13 октября 1864 г. - 22 января 1865 г
035##$a24adb802-527d-453d-9a6c-5d45bcf06698
Формат отображения